Statistiques concernant Culture Générale - Série 1756

Cliquez ici pour prendre le quiz!

Statistiques générales

  • Ce quiz a été pris 107 fois
  • Le résultat moyen est 4 sur 10

Statistiques - réponses

QuestionRéponse% Correct
Comment s'appelait le deuxième fils d'Adam et Eve ?Abel
78%
De quel pays Sanaa est-elle la capitale ?Yémen
76%
Comment appelle-t-on le versant Nord d'une vallée ?ubac
66%
Sous quel nom connait-on mieux la chanteuse et actrice belge Léonie Cooreman ?Annie Cordy
46%
De quelle région historique d'Europe centrale, actuellement l'une des composantes de la République tchèque, est originaire la danse appelée "polka" ?Bohême
40%
Comment s'appelle l'île partagée entre Haïti et Saint-Domingue ?Hispaniola
38%
Que signifie "Bistro" en russe ?vite
36%
De quel archipel fait partie l'île appelée El Hierro ou île du Méridien ?Canaries
32%
Quelle est la capitale des Bermudes ?Hamilton
18%
De quel archipel fait partie l'île de la Réunion ?Mascareignes
15%

Distribution des résultats

Percentile par nombre de réponses

% des personnes avec chaque résultat

Votre développement - résultats

Vous n’avez pas pris ce quiz